English grammar for weokonomics / (Record no. 139962)

MARC details
000 -LEADER
fixed length control field 00480nam a22001697a 4500
005 - DATE AND TIME OF LATEST TRANSACTION
control field 20170516145233.0
010 ## - LCCN (DPL NO)
LC control number ENG-118176
020 ## - INTERNATIONAL STANDARD BOOK NUMBER
International Standard Book Number 9788193223222
Terms of availability 205.00
037 ## - SOURCE OF ACQUISITION
Source of stock number/acquisition DBAD/PUB
082 ## - DEWEY DECIMAL CLASSIFICATION NUMBER
Classification number 485
100 ## - MAIN ENTRY--PERSONAL NAME
Personal name K.K. Singh
245 ## - TITLE STATEMENT
Title English grammar for weokonomics /
Statement of responsibility, etc by K.K. Sigh
260 ## - PUBLICATION, DISTRIBUTION, ETC. (IMPRINT)
Place of publication, distribution, etc Delhi
Name of publisher, distributor, etc Maheshwari Prakashan
Date of publication, distribution, etc 2016
270 ## - ADDRESS
Address 911/7C, Faridabad-121006 Delhi/NCR
300 ## - PHYSICAL DESCRIPTION
Extent iv, 148p
Dimensions 24cm.(pbk)
942 ## - ADDED ENTRY ELEMENTS (KOHA)
Source of classification or shelving scheme Dewey Decimal Classification
Item type English Books
Classification part 485
Call number suffix KKS
Holdings
Withdrawn status Lost status Not for loan Collection code Home library Current library Date acquired Source of acquisition Cost, normal purchase price Full call number Barcode Copy number Cost, replacement price Koha item type
    Not For Loan Non-fiction D.B.Act.Division Bawana 16/05/2017 DBAD/PUB 205.00 485 KKS EN-101708 1 205.00 English Books

© Delhi Public Library
Hit Counter
free hit counter